| 000 | 00521pab a2200157 454500 | ||
|---|---|---|---|
| 008 | 180718b1985 xxu||||| |||| 00| 0 eng d | ||
| 100 | _aRam, F., Jyothi H. Girimaji | ||
| 245 |
_aInfant and childhood mortality in Karnataka _bLevels, trends and differentials assessed through indirect techniques |
||
| 260 | _c1985 | ||
| 300 | _a168-80 | ||
| 362 | _aJuly-Sept. | ||
| 650 | _aVital Statistics - India - Karnataka | ||
| 700 | _aK.S. Umamani | ||
| 773 | _aHealth and Population - Perspectives and Issues | ||
| 909 | _a20295 | ||
| 999 |
_c20295 _d20295 |
||